| 000 | 00460nam a2200169Ia 4500 | ||
|---|---|---|---|
| 008 | 230524s9999 xx 000 0 und d | ||
| 020 | _a140393701X | ||
| 082 |
_a4.0151 _bGER |
||
| 100 | _aJudith L.Gersting | ||
| 245 | 0 | _aMathematical Structures for Computer Science :A Modern Treatment of Descret Math | |
| 250 | _a5TH | ||
| 260 |
_aNEW YORK _bFreeman _c2006 |
||
| 300 | _aXV;719 | ||
| 500 | _aQuantity Number: 5 | ||
| 650 | _aMathematics | ||
| 942 | _cBK | ||
| 999 |
_c44773 _d44773 |
||